Statistics for Division 1 basketball programs in New York State

Click here to take the quiz!

General Stats

  • This quiz has been taken 81 times
  • The average score is 13 of 22

Answer Stats

Hint Answer % Correct
ACCSyracuse
94%
Mid-AmericanBuffalo
89%
IvyCornell
83%
American EastAlbany
81%
IvyColumbia
76%
Big EastSt. John's
72%
MAACSiena
58%
A-10St. Bonaventure
57%
American EastStony Brook
54%
MAACNiagara
54%
American EastBinghamton
53%
PatriotColgate
53%
MAACManhattan
50%
NortheastLIU-Brooklyn
49%
MAACCanisius
47%
MAACIona
47%
A-10Fordham
46%
MAACMarist
44%
PatriotUnited States Military Academy
44%
ColonialHofstra
39%
NortheastWagner
33%
NortheastSt. Francis
26%

Score Distribution

Percentile by Number Answered

Percent of People with Each Score

Your Score History

You have not taken this quiz